000 00457nam a2200193Ia 4500
005 20240823053247.0
008 240823s9999||||xx |||||||||||||| ||und||
020 _a978-93-8212-743-7
041 _aENGLISH
082 _A629.8 Q3
100 _aPalani S
245 0 _aAutomatic Control System
250 _a1st
260 _c2013
_bANE
500 _aTRANSFERED
650 _aAutomatic Control Systems
_bElectronics
942 _cBK
999 _c223764
_d223764